000 01088nam a22002537a 4500
003 BD-DhSAU
005 20181202155830.0
008 160823b2016 bg ||||| |||| 001 0 eng d
040 _aBD-DhSAU
082 _222
_a658.8
_bEm11
100 _aEmam , Md. Shamanur
_eRegistration # 10-04011
245 _aInternship report on general banking and customer satisfaction of Agrani Bank Limited /
_bMS thesis
_cEmam , Md. Shamanur
260 _aSher-e-Bangla Agricultural Uniersity :
_bDepartment of Agribusiness & Marketing
_c2016
300 _avii, 47 p. :
_bill. ;
_c30 cm.
500 _aMS thesis, Department of Agribusiness and marketing, Faculty of Agribusiness Management , Sher-e-Bangla Agricultural University, Dhaka, Bangladesh
504 _aIncludes Bibliography.
590 _aShofi
650 _aMarketing
650 _aGeneral banking and customer satisfaction
650 _aAgrani Bank Limited
700 _aSaha , Sajeeb
_eSupervisor
856 _u http://archive.saulibrary.edu.bd:8080/xmlui/handle/123456789/1897
_yOnline Access
942 _2ddc
_cTHESIS
999 _c14103
_d14102